Melanie Martinez Lyrics: Teacher's Pet - Statistics

General Stats
  • This quiz has been taken 1,044 times
  • The average score is 364 of 462
Answer Stats
Answer % Correct
teacher
99%
a
98%
i
96%
i?
96%
i?)
96%
the
96%
(you
94%
you
94%
you?
94%
you,
94%
pet
93%
do
91%
do,
91%
why
91%
(why
91%
fuck
90%
"he
90%
he
90%
if
90%
i'm
90%
secret?
90%
special,
90%
is)
89%
is
89%
so
89%
teacher's
89%
am
88%
me
88%
me,
88%
me"
88%
that?
87%
that
87%
don't
86%
for
86%
her
86%
to
86%
we
86%
but
84%
know
84%
and
83%
regret
83%
she
82%
my
81%
thing,
81%
your
81%
never
80%
young,
79%
eyes
78%
i'll
78%
mind
78%
things
78%
this
78%
well,
78%
well
78%
call
77%
forget?
77%
student
77%
yeah,
77%
baby,
76%
his
76%
years
76%
give
75%
it,
75%
leave
75%
all
74%
beyond
74%
here
74%
shared
74%
him
73%
tell
73%
back
72%
in
72%
i'n
72%
said,
72%
love
71%
on
71%
giving
70%
"it's
70%
just
69%
last,
69%
will
69%
babies?
68%
bit
68%
knew
68%
lip
68%
right
68%
won't
68%
crazy
67%
get
67%
reasons
67%
wife
67%
wouldn't
67%
got
66%
kids,
66%
see
66%
care
65%
lady
65%
of
65%
pretty
65%
she's
65%
pass
64%
when
64%
grades,
63%
quiz,
63%
them
63%
caught
62%
cute"
62%
'bout
61%
come
61%
daily
61%
dreaming
60%
he's
60%
sin
60%
while
60%
even
58%
fucking
58%
save
57%
think
57%
chewing
56%
nails
56%
bunny
55%
need
54%
now
54%
pens
54%
bet
52%
fire
52%
like
52%
own
51%
were
51%
desire
49%
hop
49%
liar,
48%
light
48%
money
48%
spider
48%
wants
48%
cage
47%
calling
47%
still
46%
stop
46%
wanna
46%
feeling
45%
lie
45%
she'll
44%
numb
43%
'til
43%
honey,
42%
how
42%
mess
42%
around
41%
from
41%
cheat
39%
didn't
39%
lighter
38%
except
37%
learn
37%
sheets
37%
inside
35%
thought,
33%
damn
31%
gimme
29%
hot
22%
No matching quizzes found
Score Distribution
Percent of People with Each Score
Percentile by Number Answered
Your Score History
You have not taken this quiz